<?xml version="1.0" encoding="UTF-8"?><?xml-stylesheet type="text/xsl" href="static/style.xsl"?><OAI-PMH xmlns="http://www.openarchives.org/OAI/2.0/" xmlns:xsi="http://www.w3.org/2001/XMLSchema-instance" xsi:schemaLocation="http://www.openarchives.org/OAI/2.0/ http://www.openarchives.org/OAI/2.0/OAI-PMH.xsd"><responseDate>2026-04-18T04:06:59Z</responseDate><request verb="GetRecord" identifier="oai:www.recercat.cat:20.500.12327/5052" metadataPrefix="marc">https://recercat.cat/oai/request</request><GetRecord><record><header><identifier>oai:recercat.cat:20.500.12327/5052</identifier><datestamp>2026-02-24T00:34:08Z</datestamp><setSpec>com_2072_4428</setSpec><setSpec>com_2072_4427</setSpec><setSpec>col_2072_487898</setSpec></header><metadata><record xmlns="http://www.loc.gov/MARC21/slim" xmlns:dcterms="http://purl.org/dc/terms/" xmlns:xsi="http://www.w3.org/2001/XMLSchema-instance" xmlns:doc="http://www.lyncode.com/xoai" xsi:schemaLocation="http://www.loc.gov/MARC21/slim http://www.loc.gov/standards/marcxml/schema/MARC21slim.xsd">
   <leader>00925njm 22002777a 4500</leader>
   <datafield ind2=" " ind1=" " tag="042">
      <subfield code="a">dc</subfield>
   </datafield>
   <datafield ind2=" " ind1=" " tag="720">
      <subfield code="a">Gonzalez Martinez, Enrique</subfield>
      <subfield code="e">author</subfield>
   </datafield>
   <datafield ind2=" " ind1=" " tag="720">
      <subfield code="a">Lordan, Jaume</subfield>
      <subfield code="e">author</subfield>
   </datafield>
   <datafield ind2=" " ind1=" " tag="720">
      <subfield code="a">Munné-Bosch, Sergi</subfield>
      <subfield code="e">author</subfield>
   </datafield>
   <datafield ind2=" " ind1=" " tag="720">
      <subfield code="a">Miarnau, Xavier</subfield>
      <subfield code="e">author</subfield>
   </datafield>
   <datafield ind2=" " ind1=" " tag="260">
      <subfield code="c">2025-11-28</subfield>
   </datafield>
   <datafield ind2=" " ind1=" " tag="520">
      <subfield code="a">Agriculture must adapt to the effects of climate change, with temperatures expected to rise in the coming de cades. Deciduous fruit trees rely heavily on temperature regimes during dormancy, requiring low temperatures in &#xd;
winter and mild temperatures in early spring to exit this phase. This study aims to assess how high temperatures &#xd;
at different dormancy stages negatively impact on almond trees. To investigate this, mobile greenhouses were &#xd;
placed in the field for two seasons at different chill accumulation stages to alter dormancy progression in almond &#xd;
trees, simulating different future climate scenarios increasing temperatures. Additionally, various management &#xd;
strategies were tested, including intensive pruning and flower bud reduction, to determine their potential to &#xd;
minimize climate change effects, and early defoliation to not allow the tree accumulating all the carbohydrates &#xd;
reserves. The results showed that key yield components were affected in nearly all climate scenarios tested across &#xd;
both seasons. Insufficient chilling significantly reduced final yield, while increased temperatures in February, &#xd;
right before bloom, were equally detrimental for almond trees. Early defoliation decreased fruit set by increasing &#xd;
abnormal flower percentages and reducing yield compared with non-treated trees. Intensive pruning did not &#xd;
show significant differences improving yield and fruit set. Flower bud reduction increased fruit set, but it was not &#xd;
enough to improve final yield. These findings highlight high pre-bloom temperatures as a critical factor in &#xd;
almond performance and underscore the need to develop adaptive strategies to mitigate their negative effects in &#xd;
future climate change scenarios</subfield>
   </datafield>
   <datafield ind1="8" ind2=" " tag="024">
      <subfield code="a">0304-4238</subfield>
   </datafield>
   <datafield ind1="8" ind2=" " tag="024">
      <subfield code="a">https://hdl.handle.net/20.500.12327/5052</subfield>
   </datafield>
   <datafield ind1="8" ind2=" " tag="024">
      <subfield code="a">https://doi.org/10.1016/j.scienta.2025.114513</subfield>
   </datafield>
   <datafield ind2="0" ind1="0" tag="245">
      <subfield code="a">Impact of rising temperatures during dormancy on key yield components in almond</subfield>
   </datafield>
</record></metadata></record></GetRecord></OAI-PMH>